000 00621nam a2200217 i 4500
001 C2-0070359
003 PPAK
005 20190630222137.0
008 970429s1985 at a|||| ||||| | eng d
040 _aPPAK
_beng
_cPPAK
_erda
082 0 4 _a741.67
_223
090 0 0 _a741.67
_bCRE
_dR
245 0 0 _aCreative source Australia :
_bthe wizards of OZ
264 1 _aVictoria :
_bArmadillo Publishers ,
_c1985
300 _a263 pages :
_bcolour illustrations ;
_c31 cm
336 _2rdacontent
_atext
337 _2rdamedia
_aunmediated
338 _2rdacarrier
_avolume
650 1 0 _aAdvertising - Australia
942 _ddc
_cB
999 _c8153
_d8153